000 03233nam a2200349 a 4500
003 OSt
005 20251002104648.0
007 cr ||||||a|a|a
008 250903s2025 mx a|||fom||| 001 0 spa d
040 _erda
100 1 _aFigueroa Marbán, Ignacio
_9191012
245 1 0 _aCalidad nutricional de pellets de pasto Pangola (Digitaria eriantha) al adicionar urea /
_cpor Ignacio Figueroa Marbán y Areli Guadalupe Cano Landón; director de tesis Sergio ibán Mendoza Pedroza; secretario José Melquiades Monzón Armenta; vocal Anadelia Antonio Medina; suplente Fernando González Cerón; suplente Bello Olivera.
264 1 _aChapingo, México :
_bEl autor,
_c2025.
300 _a1 recurso en línea (73 páginas):
_bcuadros, figuras.
336 _2rdacontent
_atexto
_btxt
337 _2rdamedia
_acomputadora
_bc
338 _2rdacarrier
_arecurso en línea
_bcr
502 _bIAEZ
_cZootecnía
_d2025.
_gLIC
504 _aIncluye referencias bibliográficas: páginas 34-38.
520 _aLa presente investigación evaluó el efecto de la adición de urea sobre la calidad nutricional y digestibilidad de pellets elaborados con pasto pangola (Digitaria eriantha), utilizando niveles de inclusión de urea al 0%, 1%, 1.5% y 2%. Se realizaron análisis bromatológicos y de fibra mediante la metodología de Van Soest, evaluando las variables de materia seca (MS), cenizas (CZ), proteína cruda (PC), materia orgánica (MO), fibra detergente neutra (FDN), fibra detergente ácida (FDA) y lignina detergente ácida (LDA). Los resultados mostraron que la adición de urea incrementó significativamente el contenido de PC, confirmando su eficacia como fuente de nitrógeno no proteico (NNP). Además, la urea generó una disrupción estructural de la fibra, reduciendo los valores de FDN, FDA y LDA, lo que favorece la digestibilidad de los pellets. Sin embargo, la reducción excesiva de la lignina y la fibra podrían afectar la resistencia física de los pellets, evidenciando la importancia de un equilibrio entre digestibilidad y durabilidad. Se identificó un comportamiento cuadrático en varias variables, destacando un punto óptimo de inclusión de urea alrededor del 1.5%, donde se maximizó el valor nutritivo. En conclusión, la incorporación de urea es una estrategia viable para mejorar la calidad nutricional de forrajes tropicales, pero requiere un manejo adecuado para optimizar sus beneficios sin afectar la estabilidad física ni la seguridad alimentaria de los animales.
650 4 _aDigitaria decumbens
_xDigestibilidad
_9191322
650 4 _aDigitaria decumbens
_xValor nutritivo
_9191323
650 4 _aUrea
_xEfecto en pastos forrajeros
_9191324
700 1 _aCano Landón, Areli Guadalupe
_9191013
700 1 _aMendoza Pedroza, Sergio Ibán
_974719
_edirector.
700 1 _aMonzón Armenta, José Melquiades
_978028
_esecretario.
700 1 _aAntonio Medina, Anadelia
_9191161
_evocal.
700 1 _aGonzález Cerón, Fernando
_948783
_esuplente.
700 1 _aBello Olivera, Benito
_9128794
_esuplente.
856 _zDESCARGAR PDF
_uhttp://10.13.5.2/tesis/tl/1710724-3_Y_1810318-7_FIGUEROA_MARBAN_IGNACIO_Y_CANO_LANDON_ARELIGUADALUPE.pdf
942 _2Clasificación Universidad Autónoma Chapingo
_cTD
999 _c220884
_d220884